<?xml version="1.0" encoding="UTF-8"?>
<record
    xmlns:xsi="http://www.w3.org/2001/XMLSchema-instance"
    xsi:schemaLocation="http://www.loc.gov/MARC21/slim http://www.loc.gov/standards/marcxml/schema/MARC21slim.xsd"
    xmlns="http://www.loc.gov/MARC21/slim">

  <leader>04309nam a2200745 a 4500</leader>
  <controlfield tag="001">ebr10503154</controlfield>
  <controlfield tag="003">CaPaEBR</controlfield>
  <controlfield tag="006">m        u        </controlfield>
  <controlfield tag="007">cr cn|||||||||</controlfield>
  <controlfield tag="008">100921s2009    aru     sb   s000 1 eng d</controlfield>
  <datafield tag="010" ind1=" " ind2=" ">
    <subfield code="z">  2010513066</subfield>
  </datafield>
  <datafield tag="020" ind1=" " ind2=" ">
    <subfield code="z">9781557289124 (pbk.)</subfield>
  </datafield>
  <datafield tag="020" ind1=" " ind2=" ">
    <subfield code="z">9781610751261 (e-book)</subfield>
  </datafield>
  <datafield tag="040" ind1=" " ind2=" ">
    <subfield code="a">CaPaEBR</subfield>
    <subfield code="c">CaPaEBR</subfield>
  </datafield>
  <datafield tag="035" ind1=" " ind2=" ">
    <subfield code="a">(OCoLC)769187852</subfield>
  </datafield>
  <datafield tag="050" ind1="1" ind2="4">
    <subfield code="a">PS647.A72</subfield>
    <subfield code="b">D56 2009eb</subfield>
  </datafield>
  <datafield tag="082" ind1="0" ind2="4">
    <subfield code="a">813/.010892705</subfield>
    <subfield code="2">22</subfield>
  </datafield>
  <datafield tag="245" ind1="0" ind2="0">
    <subfield code="a">Dinarzad's children</subfield>
    <subfield code="h">[electronic resource] :</subfield>
    <subfield code="b">an anthology of contemporary Arab American fiction /</subfield>
    <subfield code="c">edited by Pauline Kaldas and Khaled Mattawa.</subfield>
  </datafield>
  <datafield tag="250" ind1=" " ind2=" ">
    <subfield code="a">2nd ed.</subfield>
  </datafield>
  <datafield tag="260" ind1=" " ind2=" ">
    <subfield code="a">Fayetteville :</subfield>
    <subfield code="b">University of Arkansas Press,</subfield>
    <subfield code="c">2009.</subfield>
  </datafield>
  <datafield tag="300" ind1=" " ind2=" ">
    <subfield code="a">xx, 404 p.</subfield>
  </datafield>
  <datafield tag="504" ind1=" " ind2=" ">
    <subfield code="a">Includes bibliographical references (p. 401-404).</subfield>
  </datafield>
  <datafield tag="505" ind1="0" ind2=" ">
    <subfield code="a">I. First generation: The new world / Susan Muaddi Darraj -- Airport / Pauline Kaldas -- In-country / Rabih Alameddine -- Easy to say / Sahar Mustafah -- How we are bound / Patricia Sarrafian Ward; II. Cross-cultural encounters: News from Phoenix / Joseph Geha -- Edge of rock / May Mansoor Munn -- Manar of Hama / Mohja Kahf -- Salad lady / Rawi Hage -- Coal bin / D.H. Melhem -- My Elizabeth / Diana Abu-Jaber ; III. Relationships: Oh, Lebanon / Evelyn Shakir -- And what else? / Joseph Geha -- Stage directions for an extended conversation / Yussef El Guindi -- The wedding night / Zahie El Kouri -- Distances / Hedy Habra ; IV. Politics: Hair, prayer, and men / Laila Halaby -- Ohio / Yussef El Guindi -- Maryam and Marisa / David Williams -- It's not about that / Samia Serageldin ; V. Looking homeward:  A day at the beach / Alia Yunis -- How I became my mother's daughter / Laila Lalami -- Mariam / Hedy Habra -- Sugar in Amman / Amal Masri ; VI. Shaping identities:  Lost in freakin' Yonkers / Randa Jarrar -- He had dreamed of returning / Pauline Kaldas -- First snow / Khaled Mattawa -- The fifty-foot woman / Nabeel Abraham -- The Lebanon-Detroit Express / Alia Yunis -- The American way / Frances Khirallah Noble.</subfield>
  </datafield>
  <datafield tag="533" ind1=" " ind2=" ">
    <subfield code="a">Electronic reproduction.</subfield>
    <subfield code="b">Palo Alto, Calif. :</subfield>
    <subfield code="c">ebrary,</subfield>
    <subfield code="d">2011.</subfield>
    <subfield code="n">Available via World Wide Web.</subfield>
    <subfield code="n">Access may be limited to ebrary affiliated libraries.</subfield>
  </datafield>
  <datafield tag="650" ind1=" " ind2="0">
    <subfield code="a">American fiction</subfield>
    <subfield code="x">Arab American authors.</subfield>
  </datafield>
  <datafield tag="650" ind1=" " ind2="0">
    <subfield code="a">American fiction</subfield>
    <subfield code="y">20th century.</subfield>
  </datafield>
  <datafield tag="650" ind1=" " ind2="0">
    <subfield code="a">American fiction</subfield>
    <subfield code="y">21st century.</subfield>
  </datafield>
  <datafield tag="650" ind1=" " ind2="0">
    <subfield code="a">Arab Americans</subfield>
    <subfield code="v">Fiction.</subfield>
  </datafield>
  <datafield tag="650" ind1=" " ind2="0">
    <subfield code="a">Short stories, American.</subfield>
  </datafield>
  <datafield tag="655" ind1=" " ind2="7">
    <subfield code="a">Electronic books.</subfield>
    <subfield code="2">local</subfield>
  </datafield>
  <datafield tag="700" ind1="1" ind2=" ">
    <subfield code="a">Kaldas, Pauline,</subfield>
    <subfield code="d">1961-</subfield>
  </datafield>
  <datafield tag="700" ind1="1" ind2=" ">
    <subfield code="a">Mattawa, Khaled.</subfield>
  </datafield>
  <datafield tag="700" ind1="1" ind2=" ">
    <subfield code="a">Darraj, Susan Muaddi.</subfield>
    <subfield code="t">New world.</subfield>
  </datafield>
  <datafield tag="700" ind1="1" ind2=" ">
    <subfield code="a">Kaldas, Pauline,</subfield>
    <subfield code="d">1961-</subfield>
    <subfield code="t">Airport.</subfield>
  </datafield>
  <datafield tag="700" ind1="1" ind2=" ">
    <subfield code="a">Alameddine, Rabih.</subfield>
    <subfield code="t">In-country.</subfield>
  </datafield>
  <datafield tag="700" ind1="1" ind2=" ">
    <subfield code="a">Mustafah, Sahar.</subfield>
    <subfield code="t">Easy to say.</subfield>
  </datafield>
  <datafield tag="700" ind1="1" ind2=" ">
    <subfield code="a">Ward, Patricia Sarrafian,</subfield>
    <subfield code="d">1969-</subfield>
    <subfield code="t">How we are bound.</subfield>
  </datafield>
  <datafield tag="700" ind1="1" ind2=" ">
    <subfield code="a">Geha, Joseph.</subfield>
    <subfield code="t">News from Phoenix.</subfield>
  </datafield>
  <datafield tag="700" ind1="1" ind2=" ">
    <subfield code="a">Munn, May Mansoor.</subfield>
    <subfield code="t">Edge of rock.</subfield>
  </datafield>
  <datafield tag="700" ind1="1" ind2=" ">
    <subfield code="a">Kahf, Mohja,</subfield>
    <subfield code="d">1967-</subfield>
    <subfield code="t">Manar of Hama.</subfield>
  </datafield>
  <datafield tag="700" ind1="1" ind2=" ">
    <subfield code="a">Hage, Rawi.</subfield>
    <subfield code="t">Salad lady.</subfield>
  </datafield>
  <datafield tag="700" ind1="1" ind2=" ">
    <subfield code="a">Melhem, D. H.</subfield>
    <subfield code="t">Coal bin.</subfield>
  </datafield>
  <datafield tag="700" ind1="1" ind2=" ">
    <subfield code="a">Abu-Jaber, Diana.</subfield>
    <subfield code="t">My Elizabeth.</subfield>
  </datafield>
  <datafield tag="700" ind1="1" ind2=" ">
    <subfield code="a">Shakir, Evelyn,</subfield>
    <subfield code="d">1938-</subfield>
    <subfield code="t">Oh, Lebanon.</subfield>
  </datafield>
  <datafield tag="700" ind1="1" ind2=" ">
    <subfield code="a">Geha, Joseph.</subfield>
    <subfield code="t">And what else?</subfield>
  </datafield>
  <datafield tag="700" ind1="1" ind2=" ">
    <subfield code="a">El Guindi, Yussef.</subfield>
    <subfield code="t">Stage directions for an extended conversation.</subfield>
  </datafield>
  <datafield tag="700" ind1="1" ind2=" ">
    <subfield code="a">El Kouri, Zahie.</subfield>
    <subfield code="t">Wedding night.</subfield>
  </datafield>
  <datafield tag="700" ind1="1" ind2=" ">
    <subfield code="a">Habra, Hedy.</subfield>
    <subfield code="t">Distances.</subfield>
  </datafield>
  <datafield tag="700" ind1="1" ind2=" ">
    <subfield code="a">Halaby, Laila.</subfield>
    <subfield code="t">Hair, prayer, and men.</subfield>
  </datafield>
  <datafield tag="700" ind1="1" ind2=" ">
    <subfield code="a">El Guindi, Yussef.</subfield>
    <subfield code="t">Ohio.</subfield>
  </datafield>
  <datafield tag="700" ind1="1" ind2=" ">
    <subfield code="a">Williams, David,</subfield>
    <subfield code="d">1953 June 18-</subfield>
    <subfield code="t">Maryam and Marisa.</subfield>
  </datafield>
  <datafield tag="700" ind1="1" ind2=" ">
    <subfield code="a">Serageldin, Samia.</subfield>
    <subfield code="t">It's not about that.</subfield>
  </datafield>
  <datafield tag="700" ind1="1" ind2=" ">
    <subfield code="a">Yunis, Alia.</subfield>
    <subfield code="t">Day at the beach.</subfield>
  </datafield>
  <datafield tag="700" ind1="1" ind2=" ">
    <subfield code="a">Lalami, Laila,</subfield>
    <subfield code="d">1968-</subfield>
    <subfield code="t">How I became my mother's daughter.</subfield>
  </datafield>
  <datafield tag="700" ind1="1" ind2=" ">
    <subfield code="a">Habra, Hedy.</subfield>
    <subfield code="t">Mariam.</subfield>
  </datafield>
  <datafield tag="700" ind1="1" ind2=" ">
    <subfield code="a">Masri, Amal.</subfield>
    <subfield code="t">Sugar, in Amman.</subfield>
  </datafield>
  <datafield tag="700" ind1="1" ind2=" ">
    <subfield code="a">Jarrar, Randa.</subfield>
    <subfield code="t">Lost in freakin' Yonkers.</subfield>
  </datafield>
  <datafield tag="700" ind1="1" ind2=" ">
    <subfield code="a">Kaldas, Pauline,</subfield>
    <subfield code="d">1961-</subfield>
    <subfield code="t">He had dreamed of returning.</subfield>
  </datafield>
  <datafield tag="700" ind1="1" ind2=" ">
    <subfield code="a">Mattawa, Khaled.</subfield>
    <subfield code="t">First snow.</subfield>
  </datafield>
  <datafield tag="700" ind1="1" ind2=" ">
    <subfield code="a">Abraham, Nabeel.</subfield>
    <subfield code="t">Fifty-foot woman.</subfield>
  </datafield>
  <datafield tag="700" ind1="1" ind2=" ">
    <subfield code="a">Yunis, Alia.</subfield>
    <subfield code="t">Lebanon-Detroit Express.</subfield>
  </datafield>
  <datafield tag="700" ind1="1" ind2=" ">
    <subfield code="a">Noble, Frances Khirallah.</subfield>
    <subfield code="t">American way.</subfield>
  </datafield>
  <datafield tag="710" ind1="2" ind2=" ">
    <subfield code="a">ebrary, Inc.</subfield>
  </datafield>
  <datafield tag="856" ind1="4" ind2="0">
    <subfield code="u">http://site.ebrary.com/lib/rucke/Doc?id=10503154</subfield>
    <subfield code="z">An electronic book accessible through the World Wide Web; click to view</subfield>
  </datafield>
  <datafield tag="999" ind1=" " ind2=" ">
    <subfield code="c">215337</subfield>
    <subfield code="d">215337</subfield>
  </datafield>
</record>
